MARC

LEADER 00000nam0a2200000 4500
001 67379
005 20231031073525.0
010 |a 506004324X 
035 |a (RuTPU)RU\TPU\book\71744 
090 |a 67379 
100 |a 20040915d2002 m y0rusy50 ca 
101 0 |a rus 
102 |a RU 
105 |a a j 001zy 
200 1 |a Токарная обработка  |e учебник  |f В. Н. Фещенко, Р. Х. Махмутов 
205 |a 5-е изд., стереотип. 
210 |a Москва  |c Высшая школа  |d 2002 
215 |a 303 с.  |c ил. 
320 |a Библиогр.: с. 300 
610 1 |a токарные станки 
610 1 |a токарная обработка 
610 1 |a приспособления 
610 1 |a заготовки 
610 1 |a поверхности 
610 1 |a отверстия 
610 1 |a резьба по дереву 
610 1 |a нарезание 
610 1 |a металлы 
610 1 |a резание 
610 1 |a электрооборудование 
610 1 |a автоматизация 
610 1 |a механизация 
610 1 |a программное управление 
610 1 |a станки с ЧПУ 
610 1 |a сопротивление материалов 
610 1 |a стандартизация 
610 1 |a качество 
610 1 |a безопасность 
610 1 |a учебники 
675 |a 621.941(075.8)  |v 3 
700 1 |a Фещенко  |b В. Н.  |g Владимир Николаевич 
701 1 |a Махмутов  |b Р. Х.  |g Рафаэль Хусяинович 
801 1 |a RU  |b 63413507  |c 20040915  |g PSBO 
801 2 |a RU  |b 63413507  |c 20150930  |g PSBO 
900 |a Станочное оборудование автоматизированного производств 
942 |c BK 
951 |a 550000  |b 030500